| 000 | 00000nam##2200000za#4500 |
| 001 | 9.669150 |
| 003 | CaOODSP |
| 005 | 20240209132632 |
| 007 | ta |
| 008 | 150407|2007||||xxc||||| f|0| 0 fre|d |
| 020 | |a978-0-662-05056-8 |
| 040 | |aCaOODSP|bfre |
| 041 | |aeng |
| 041 | |afre |
| 043 | |an-cn--- |
| 086 | 1 |aIu89-4/28-1-2007 |
| 110 | 2 |aAgence de promotion économique du Canada atlantique. |
| 245 | 10|aInvestir dans les femmes en affaires - [Nouveau-Brunswick] |
| 260 | |aMoncton - Nouveau-Brunswick : |bAgence de promotion économique du Canada atlantique |c[2007]. |
| 300 | |a1 feuille (texte français, [1]p.) : |bphotographies ; |c28 cm. |
| 500 | |aEn tête du titre: Initiative Femmes en affaires. |
| 563 | |aDépliant |
| 590 | |a08-03|b2008-01-18 |
| 691 | 07|aProvinces atlantiques|2gcpds |
| 691 | 07|aServices aux entreprises|2gcpds |
| 691 | 07|aTravailleuse|2gcpds |
| 776 | 0#|tInvestir dans les femmes en affaires - [Nouveau-Brunswick] |w(CaOODSP)9.638185 |
| 776 | 0#|tInvesting in women in business - [New Brunswick] |w(CaOODSP)9.694002 |
| 791 | |tInvesting in women in business - [New Brunswick] |eeng|w(CaOODSP)9.669149 |
| 986 | |aAPECA: 2007-09 |